| 000 | 00618nam a2200205 u 4500 | ||
|---|---|---|---|
| 005 | 20240910063855.0 | ||
| 008 | 101112s2004 es r 000 0 spa d | ||
| 020 | _a8497290321 | ||
| 035 | _aUPN01000178475 | ||
| 049 | _aCG | ||
| 050 | 4 |
_aGV885 _bC3.2 |
|
| 100 | 1 |
_aCarrillo, Antonio _931744 |
|
| 245 | 1 | 3 |
_aEl básquet a su medida : _bescuela de básquet de 6 a 8 años / _cAntonio Carrillo, Jordi Rodríguez. |
| 260 |
_aBarcelona, Esp. : _bINDE, _c2004. |
||
| 300 |
_a252 p. : _bil. |
||
| 650 | 4 |
_aBASKETBALL _92943 |
|
| 650 | 2 |
_aJuegos escolares _97004 |
|
| 700 | 1 |
_aRodríguez, Jordi, _ecoaut. |
|
| 905 | _aLibro | ||
| 999 |
_c150578 _d150578 |
||